| 000 | 00437nam a2200169Ia 4500 | ||
|---|---|---|---|
| 003 | IN-BaIIA | ||
| 008 | 211028s9999 xx 000 0 eng d | ||
| 040 | _cIIA Library | ||
| 080 |
_a658.31 _bMUT |
||
| 100 |
_aMuthuswamy, P _97319 |
||
| 245 | 0 |
_aT A rules made easy _cMuthuswamy, P |
|
| 260 |
_aMadras _bSwamy Publishers _c1975 |
||
| 300 | _a185p. | ||
| 650 | _a Central Government Rules | ||
| 650 | _aOthers Thesaurus | ||
| 942 | _cBK | ||
| 999 |
_c4672 _d4672 |
||